000 02050nam2a22002411 4500
001 rc\611410
005 20250621221906.0
035 _a(NLR Aleph) 005950009
090 _a6756076
_c6756076
100 _a20031121d1986 |||y0rusy50 ca
101 0 _arus
102 _aRU
105 _ay |||||||||
200 0 _a... № 3
210 _d1986
_aБ. м.
215 _a16 с.
333 _aДСП. Экз. № 000007
461 0 _1001rc\611409
_12001#$aˆ[‰Смолы, лаки, эмали, компаунд и другие добавки$eНК 21.0.01-83$eПропитанные и лакированные волокнистые электроизоляционные материалы: НК 21.1.01-83$eСлюдосодержащие электроизоляционные материалы: НК 21.3.01-83$eРазные электроизоляционные материалы: НК 21.4.01-83$eНоменклатур. кат.]$eДополнения и изменения...$fМ-во электротехн. пром-сти, ВНИИ информ. и техн.-экон. исслед. в электротехнике (Информэлектро)$v... № 3
_96756067
_cМ.
_d1986
_fМ-во электротехн. пром-сти, ВНИИ информ. и техн.-экон. исслед. в электротехнике (Информэлектро)
_nИнформэлектро
_oНК 21.0.01-83 : Пропитанные и лакированные волокнистые электроизоляционные материалы: НК 21.1.01-83 : Слюдосодержащие электроизоляционные материалы: НК 21.3.01-83 : Разные электроизоляционные материалы: НК 21.4.01-83 : Номенклатур. кат.] : Дополнения и изменения...
_tˆ[‰Смолы, лаки, эмали, компаунд и другие добавки
_v... № 3
801 0 _aRU
_bNLR
_gpsbo
801 1 _aRU
_bELAR
_2rusmarc
852 _aNLR
_j88-50К/3253
942 _cBOOK
980 _aNB